00241nam a2200109Ia 4500008004100000020001800041082001400059100001600073245002000089260001200109500001000121260604s9999 xx 000 0 und d a9780141014630 a523.1 KAK aMichio kaku 0aParallel Worlds bPenguin aWorld